MDQL
is popping MORE tags! Check the
thread
!
Quizzes
Events
Quiz Creation
Community
Videos
Private Events
Remove Ads
Sign In
Join for FREE
Feedback
Dark Mode
Quiz Categories
Sports
Geography
Music
Movies
Television
Just For Fun
Miscellaneous
History
Literature
Language
Science
Gaming
Entertainment
Religion
Holiday
For Kids
Quiz Lab
Recent
Popular Today
Quiz Kudos Today
Editor Picks
Curator Picks
Quizzes by...
Day
Popularity
Type
Ratings
Length
Year
Community
Subscriptions
Recent Discussions
Orange Saloon
Badges
Playlists
Quests
Create
Leaderboards
Showdown
Live 5
Trivia Bingo
Activity
Puzzle Library
Sporcle Events
Private Events
Virtual Trivia
Globe League
Become a Host
Pub Owners
SporcleCon
Opinionation
Our Games
Videos
Blog
Mobile Apps
Partnerships
Remove Ads and Go Orange
Feedback
Music
Pop Music
The Beatles
Song
Album
Lyrics
Bands
Singers
Artist
Clip
Rock
Rap
Classical
Billboard
Country Music
Kpop
Taylor Swift
Music
Pop Music
The Beatles
Song
Album
Lyrics
Bands
Singers
Artist
Clip
Rock
Rap
Classical
Billboard
Country Music
Kpop
Taylor Swift
Random Quiz
Search Sporcle
×
Quiz Lab
Quiz Lab
Music
metal
Type in answers that appear in a list
Type in answers that appear in a list
Classic
Best Score? Go Orange.
Metal Bands by Lead Singer(s) Stats
Can you name the Metal Band by the Lead Singer(s)?
By
uolevih
10m
17 Questions
34 Plays
34 Plays
34 Plays
Comments
Comments
Give Quiz Kudos
Give Quiz Kudos
-
- Ratings
hide this ad
Replay
Link that replays current quiz
Next Quiz
Link to next quiz in quiz playlist
You Got
0%
They Got
Avg Score
38%
Avg Friend Score
Upgrade to see
Score Distribution
Jump to the score distribution portion of the page
Score
0/17
Timer
10:00
0
Plays Today
Singer(s)
Band
% Correct
Alissa White-
Gluz
Arch Enemy
94.1%
Simone Simons
Epica
76.5%
Maria Brink
In This Moment
70.6%
Vicky Psarakis
The Agonist
55.9%
Jesse Leach
Killswitch Engage
52.9%
Carla Harvey and Heidi Shepherd
Butcher Babies
47.1%
Charlotte Wessels
Delain
44.1%
Tommy Karevik
Kamelot
38.2%
Jeffrey Nothing, Waylon, J-
Mann
Mushroomhead
26.5%
Singer(s)
Band
% Correct
Jonne Järvelä
Korpiklaani
23.5%
Alexis Brown
Straight Line Stitch
23.5%
Maria 'Masha Scream' Arkhipova
Arkona
20.6%
Freddy Lim
Chthonic
20.6%
Rachel Aspe
Eths
17.6%
Heri Joensson
Tyr
17.6%
Maiko
Dazzle Vision
14.7%
Lars Vogel and Mark Bockting
Heidevolk
14.7%
Quiz Playlist
Details
Report
Send in Message
Add To Playlist
Classic:
Type in answers that appear in a list
Last Updated: Feb 16, 2017
Quiz Scoreboard
CHALLENGE
Sign Up to Join the Scoreboard
Show All
Scores
Hide
Comments
May contain spoilers
Recently Published
Image Sorting: Flags VI
by Barbecue
Geography
2m
Find the 'City' Movie
by crazypaving
Movies
60s
Colored Red Africa Blitz
by spor1
Geography
45s
More to Explore
Quiz From the Vault
Featured Blog Post
14 Easter Pick-up Lines to Find Eggs With
hide this ad
You Might Also Like...
Tags
Lead Singers
metal
Today's Top Quizzes in Music
Browse Music
hide this ad
Today's Top Quizzes in metal
Browse metal
Top Contributed Quizzes in Music
1
5X2 Blitz: Bands II
2
5X2 Blitz: The Beatles
3
Taylor Swift All Songs (2024)
4
5X2 Blitz: Billboard
5
5X2 Blitz: Billboard II
6
5X2 Blitz: Album
7
5X2 Blitz: Rock
8
5X2 Blitz: Singers
9
Taylor Swift Logic Puzzle II
10
5X2 Blitz: Lyrics
Explore More
Trending Topics
Disney
Harry Potter
Crossword
Kpop
NBA
Anime
Marvel
Song
Country
Puzzle
NFL
The Office
WWE
Pokémon
Soccer
hide this ad
More By:
uolevih
Quiz
Plays
Rating
Category
Featured
Created
Metal Bands by Album
117
3.00
Music
Oct 27, 2015
Singers
111
2.00
Music
Oct 18, 2015
Metal Bands by Picture
102
2.00
Music
Sep 9, 2015
Arch Enemy Albums
61
5.00
Music
Sep 7, 2015
Metal Bands by Lead Singer(s)
34
1.50
Music
Sep 5, 2015
Go to Creator's Profile
Score Distribution
Quiz Creator Spotlight
uolevih
Follow
Send a Message
Quizzes Created
-
Created Quiz Play Count
-
More By This Creator
Popular Quizzes Today
1
Colored Red Africa Blitz
2
Find the US States - No Outlines Minefield
3
Find the 'City' Movie
4
5x2 Blitz: Bands
5
The Countries of the World
6
Find the US States
7
Find the Countries of Europe - No Outlines Minefield
8
US States
More Music Quizzes
K-Pop Female Idol Real Name by Any Syllable
Quiz Lab
Trending Quizzes
Colored Red Europe Blitz I
Colored Red Europe Blitz II
Colored Red Africa Blitz II
Colored Red Europe Blitz III
Colored Red Africa Blitz III
Recently Updated
How Do You Spell That?
pecheneg
Godzilla Movies
pecheneg
Grab Bag: 4-10 Letters
pecheneg
2024 March Madness Bracket
pecheneg
Famous TV Couples
Peacemaker
Champions League XIs: Real Madrid
pecheneg
Largest US Cities 1790-2010
pecheneg
Rides in Walt Disney World
pecheneg
Most Oscar Losses (Acting)
pecheneg
Beyoncé Albums
pecheneg
Trending Topics
Marvel
Anime
Crossword
Kpop
NBA
Disney
Harry Potter
Pokémon
Country
Puzzle
Soccer
The Office
NFL
WWE
Song
Your Account Isn't Verified!
In order to create a playlist on Sporcle, you need to verify the email address you used during registration. Go to your
Sporcle Settings
to finish the process.
Report this User
Report this user for behavior that violates our
Community Guidelines
.
Details:
Send Report
Go to the Sporcle.com Mobile Site →
Comments